[Event "BL 0910 (Women)"]
[Site "Germany"]
[Date "2010.03.14"]
[Round "9.3"]
[White "Gasik, Anna"]
[Black "Blazkova, Petra"]
[Result "1-0"]
[WhiteElo "2189"]
[BlackElo "2178"]
[PlyCount "99"]
[EventDate "2009.11.07"]
[EventType "team-tourn"]
[EventRounds "11"]
[EventCountry "GER"]
[SourceTitle "CBM 133 Extra"]
[Source "ChessBase"]
[SourceDate "2010.01.05"]
[SourceVersion "1"]
[SourceVersionDate "2010.01.05"]
[SourceQuality "1"]
[WhiteTeam "Hamburger SK (W)"]
[BlackTeam "Bad Koenigshofen (W)"]
[WhiteTeamCountry "GER"]
[BlackTeamCountry "GER"]

1. e4 e6 2. d4 d5 3. Nd2 Nf6 4. e5 Nfd7 5. Bd3 c5 6. c3 b6 7. Ne2 Ba6 8. Bxa6 Nxa6 9. 0-0 Nc7 10. f4 f5 11. b3 Be7 12. Bb2 0-0 13. Kh1 Qe8 14. Rc1 Rc8 15. Rf3 Nb8 16. Rg3 Nc6 17. Nf1 c4 18. b4 a5 19. a3 Ra8 20. Ne3 Kh8 21. Nc2 Rg8 22. Qd2 Qh5 23. Rh3 Qf7 24. Rg3 g6 25. Ng1 Qg7 26. Nf3 Nd8 27. Rf1 Nf7 28. Ng5 Rgf8 29. Bc1 Nxg5 30. fxg5 f4 31. Rg4 axb4 32. cxb4 b5 33. Kg1 Rf7 34. h4 Raf8 35. Rgxf4 Rxf4 36. Rxf4 Rxf4 37. Qxf4 Kg8 38. Ne3 Qf7 39. Qg3 Kg7 40. Ng4 Qf5 41. Nh6 Qf8 42. Qg4 Bd8 43. h5 Qe8 44. hxg6 Qxg6 45. Qf4 Qh5 46. Ng4 Qh4 47. Bd2 Kg6 48. Qf8 Bxg5 49. Qg8+ Kf5 50. Qf7+ 1-0

[Event "BL 0910 (Women)"]
[Site "Germany"]
[Date "2009.12.05"]
[Round "3.5"]
[White "Blazkova, Petra"]
[Black "Higgelke, Anne"]
[Result "1-0"]
[WhiteElo "2178"]
[BlackElo "2017"]
[PlyCount "55"]
[EventDate "2009.11.07"]
[EventType "team-tourn"]
[EventRounds "11"]
[EventCountry "GER"]
[SourceTitle "CBM 133 Extra"]
[Source "ChessBase"]
[SourceDate "2010.01.05"]
[SourceVersion "1"]
[SourceVersionDate "2010.01.05"]
[SourceQuality "1"]
[WhiteTeam "Bad Koenigshofen (W)"]
[BlackTeam "Torgelow (W)"]
[WhiteTeamCountry "GER"]
[BlackTeamCountry "GER"]

1. e4 c5 2. Nc3 Nc6 3. Bb5 d6 4. f4 Bd7 5. Nf3 e6 6. 0-0 Be7 7. Kh1 Nf6 8. e5 Nd5 9. Nxd5 exd5 10. exd6 Bxd6 11. Bxc6 Bxc6 12. Re1+ Kf8 13. d4 Qf6 14. dxc5 Bxf4 15. Bxf4 Qxf4 16. Nd4 Re8 17. Rxe8+ Kxe8 18. b4 Kd8 19. b5 Bd7 20. c6 bxc6 21. Nxc6+ Bxc6 22. bxc6 Qc4 23. Rb1 Kc7 24. Qe1 Kxc6 25. Rb3 Kd6 26. Rc3 Qe4 27. Qg3+ Qe5 28. Rc6+ 1-0

[Event "Olomouc IM-B"]
[Site "Olomouc"]
[Date "2009.08.08"]
[Round "4"]
[White "Blazkova, Petra"]
[Black "Porat, Maya"]
[Result "1-0"]
[WhiteElo "2182"]
[BlackElo "2221"]
[PlyCount "47"]
[EventDate "2009.08.05"]
[EventType "tourn"]
[EventRounds "9"]
[EventCountry "CZE"]
[EventCategory "2"]
[SourceTitle "CBM 131 Extra"]
[Source "ChessBase"]
[SourceDate "2009.09.03"]
[SourceVersion "2"]
[SourceVersionDate "2009.09.16"]
[SourceQuality "1"]

1. e4 c5 2. Nc3 Nc6 3. Bb5 Nd4 4. Bc4 g6 5. Nf3 Bg7 6. Nxd4 cxd4 7. Qf3 e6 8. Nb5 d6 9. Qg3 Ke7 10. c3 Qb6 11. Nxd4 Bxd4 12. cxd4 Qxd4 13. d3 f6 14. 0-0 Qb6 15. Be3 Qa5 16. b4 Qxb4 17. f4 Qa4 18. f5 Qe8 19. Rac1 Bd7 20. fxe6 Bc6 21. Bd4 b6 22. Qf2 g5 23. Bd5 Rc8 24. Qc2 1-0

[Event "CZE/SVK-chT (Women)"]
[Site "Frydek Mistek"]
[Date "2009.05.15"]
[Round "4"]
[White "Edes, Zsofia"]
[Black "Blazkova, Petra"]
[Result "0-1"]
[WhiteElo "1882"]
[BlackElo "2227"]
[PlyCount "44"]
[EventDate "2009.05.14"]
[EventType "team-tourn"]
[EventRounds "7"]
[EventCountry "CZE"]
[SourceTitle "CBM 130 Extra"]
[Source "ChessBase"]
[SourceDate "2009.07.02"]
[SourceVersion "2"]
[SourceVersionDate "2009.07.15"]
[SourceQuality "1"]
[WhiteTeam "Komarno (W)"]
[BlackTeam "Brno Lokomotiva (W)"]
[WhiteTeamCountry "SVK"]
[BlackTeamCountry "CZE"]

1. d4 Nf6 2. c4 e6 3. Nc3 Bb4 4. f3 c5 5. d5 d6 6. e4 Nh5 7. Nh3 0-0 8. Nf2 exd5 9. cxd5 f5 10. Bd3 f4 11. Qe2 Nd7 12. Bd2 Ne5 13. a3 Ba5 14. 0-0-0 a6 15. Rdg1 b5 16. g3 fxg3 17. hxg3 Rxf3 18. Rxh5 Rxf2 19. Qe3 Rf3 20. Qe2 Rxd3 21. Qh2 Rxd2 22. Qxd2 Nf3 0-1

[Event "CZE/SVK-chT (Women)"]
[Site "Frydek Mistek"]
[Date "2009.05.14"]
[Round "1"]
[White "Blazkova, Petra"]
[Black "Bazantova, Marie"]
[Result "1-0"]
[WhiteElo "2227"]
[BlackElo "2040"]
[PlyCount "67"]
[EventDate "2009.05.14"]
[EventType "team-tourn"]
[EventRounds "7"]
[EventCountry "CZE"]
[SourceTitle "CBM 130 Extra"]
[Source "ChessBase"]
[SourceDate "2009.07.02"]
[SourceVersion "2"]
[SourceVersionDate "2009.07.15"]
[SourceQuality "1"]
[WhiteTeam "Brno Lokomotiva (W)"]
[BlackTeam "Usti nad Labem (W)"]
[WhiteTeamCountry "CZE"]
[BlackTeamCountry "CZE"]

1. e4 c5 2. Nf3 Nf6 3. e5 Nd5 4. c3 Nc6 5. d4 cxd4 6. Bc4 e6 7. cxd4 Bb4+ 8. Bd2 Bxd2+ 9. Qxd2 d6 10. 0-0 0-0 11. a3 dxe5 12. dxe5 Nb6 13. Bd3 Qe7 14. Nc3 Nd7 15. Rfe1 Rd8 16. Qe3 Nf8 17. Rac1 Bd7 18. h4 h6 19. h5 Rac8 20. Ne4 Be8 21. Bb1 Rd7 22. Qf4 Rdc7 23. Nf6+ Kh8 24. Ng4 g5 25. hxg6 fxg6 26. Qxh6+ Nh7 27. Rcd1 Qg7 28. Qh4 Kg8 29. Nf6+ Kf8 30. Ba2 Nd8 31. Rxd8 Rxd8 32. Nxh7+ Qxh7 33. Qxd8 Qe7 34. Qd6 1-0

[Event "CZE/SVK-chT (Women)"]
[Site "Frydek Mistek"]
[Date "2009.05.14"]
[Round "2"]
[White "Jakubiec, Edyta"]
[Black "Blazkova, Petra"]
[Result "1-0"]
[WhiteElo "2210"]
[BlackElo "2227"]
[PlyCount "65"]
[EventDate "2009.05.14"]
[EventType "team-tourn"]
[EventRounds "7"]
[EventCountry "CZE"]
[SourceTitle "CBM 130 Extra"]
[Source "ChessBase"]
[SourceDate "2009.07.02"]
[SourceVersion "2"]
[SourceVersionDate "2009.07.15"]
[SourceQuality "1"]
[WhiteTeam "Orlova Slavia (W)"]
[BlackTeam "Brno Lokomotiva (W)"]
[WhiteTeamCountry "CZE"]
[BlackTeamCountry "CZE"]

1. e4 d5 2. exd5 Qxd5 3. Nc3 Qa5 4. d4 Nf6 5. Nf3 Nc6 6. Bd2 a6 7. Bc4 Qh5 8. Ne5 Qxd1+ 9. Rxd1 Nd8 10. 0-0 Bf5 11. Bb3 e6 12. Rfe1 Be7 13. f3 h5 14. Ne4 Nxe4 15. fxe4 Bh7 16. Ba5 f6 17. Nd3 b6 18. Bd2 Bg8 19. e5 f5 20. Nf4 Bg5 21. d5 Bxf4 22. Bxf4 exd5 23. e6 c6 24. c4 dxc4 25. Bxc4 Nb7 26. Rd7 Nc5 27. Rxg7 b5 28. Bb3 Nd3 29. Rf1 Nxf4 30. Rxf4 0-0-0 31. Rxf5 Re8 32. Rc5 Kd8 33. Rd7+ 1-0

[Event "Karlovy Vary op"]
[Site "Karlovy Vary"]
[Date "2009.05.03"]
[Round "7"]
[White "Blazkova, Petra"]
[Black "Zier, Oliver"]
[Result "0-1"]
[WhiteElo "2227"]
[BlackElo "2052"]
[PlyCount "86"]
[EventDate "2009.04.29"]
[EventType "swiss"]
[EventRounds "7"]
[EventCountry "CZE"]
[SourceTitle "CBM 130 Extra"]
[Source "ChessBase"]
[SourceDate "2009.07.02"]
[SourceVersion "2"]
[SourceVersionDate "2009.07.15"]
[SourceQuality "1"]

1. e4 e6 2. d4 d5 3. Nc3 Nf6 4. Bg5 Bb4 5. e5 h6 6. Bd2 Bxc3 7. bxc3 Ne4 8. Bc1 c5 9. Bd3 Nxc3 10. Qg4 Kf8 11. Bd2 Ne4 12. Bxe4 dxe4 13. Ne2 cxd4 14. Qxe4 Nc6 15. Nf4 Qc7 16. Nd3 b6 17. 0-0 Bb7 18. Rfe1 Rd8 19. Qh4 Kg8 20. Re4 Ne7 21. Rxd4 Rxd4 22. Qxd4 Nf5 23. Qa4 Kh7 24. Rb1 Rd8 25. Rb4 Bc6 26. Qb3 Nd4 27. Qb2 Qd7 28. Be3 Nxc2 29. Qxc2 Qxd3 30. Qxd3+ Rxd3 31. h4 Ra3 32. Rc4 Bd5 33. Rc7 Kg6 34. g4 Ra4 35. f4 Rxa2 36. h5+ Kh7 37. Rxf7 Rg2+ 38. Kf1 Rxg4 39. Rxa7 b5 40. Bd2 Rh4 41. f5 exf5 42. Bc3 b4 43. Bb2 Rh1+ 0-1

[Event "Karlovy Vary op"]
[Site "Karlovy Vary"]
[Date "2009.05.01"]
[Round "4"]
[White "Kozak, Milos"]
[Black "Blazkova, Petra"]
[Result "1/2-1/2"]
[WhiteElo "2139"]
[BlackElo "2227"]
[PlyCount "62"]
[EventDate "2009.04.29"]
[EventType "swiss"]
[EventRounds "7"]
[EventCountry "CZE"]
[SourceTitle "CBM 130 Extra"]
[Source "ChessBase"]
[SourceDate "2009.07.02"]
[SourceVersion "2"]
[SourceVersionDate "2009.07.15"]
[SourceQuality "1"]

1. c4 f5 2. Nf3 Nf6 3. g3 g6 4. Bg2 Bg7 5. 0-0 0-0 6. d4 d6 7. Nc3 Nc6 8. d5 Ne5 9. Nxe5 dxe5 10. Qb3 h6 11. c5 Kh7 12. Rd1 e4 13. f3 exf3 14. exf3 e5 15. Be3 f4 16. Bf2 h5 17. Re1 c6 18. d6 b6 19. cxb6 axb6 20. Qxb6 Qxb6 21. Bxb6 Nd7 22. Bc7 Nc5 23. Rad1 Bd7 24. b4 Na6 25. Ba5 Nc5 26. Re2 g5 27. Bb6 Ne6 28. Bh3 g4 29. fxg4 Ng5 30. Bf1 hxg4 31. gxf4 exf4 1/2-1/2

[Event "Karlovy Vary op"]
[Site "Karlovy Vary"]
[Date "2009.04.30"]
[Round "3"]
[White "Blazkova, Petra"]
[Black "Rajnys, Vladimir"]
[Result "1-0"]
[WhiteElo "2227"]
[BlackElo "2091"]
[PlyCount "57"]
[EventDate "2009.04.29"]
[EventType "swiss"]
[EventRounds "7"]
[EventCountry "CZE"]
[SourceTitle "CBM 130 Extra"]
[Source "ChessBase"]
[SourceDate "2009.07.02"]
[SourceVersion "2"]
[SourceVersionDate "2009.07.15"]
[SourceQuality "1"]

1. e4 c5 2. Nf3 d6 3. d4 cxd4 4. Nxd4 Nf6 5. Nc3 a6 6. Be3 e6 7. g4 h6 8. Bg2 Nbd7 9. h3 Qc7 10. Qe2 Rb8 11. a4 b6 12. 0-0 Bb7 13. f4 Nc5 14. Bf2 Be7 15. Rad1 g6 16. Bg3 0-0 17. e5 dxe5 18. f5 Bxg2 19. Qxg2 exf5 20. gxf5 g5 21. Nc6 Rbc8 22. Nxe5 Bd6 23. Ng4 Bxg3 24. Nxf6+ Kh8 25. Ncd5 Qe5 26. b4 Nxa4 27. Nd7 Qd6 28. N5xb6 Qxb4 29. Nxc8 1-0

[Event "BL 0809 (Women)"]
[Site "Germany"]
[Date "2009.04.25"]
[Round "10.2"]
[White "Fuchs, Judith"]
[Black "Blazkova, Petra"]
[Result "1-0"]
[WhiteElo "2238"]
[BlackElo "2224"]
[PlyCount "49"]
[EventDate "2008.11.08"]
[EventType "team-tourn"]
[EventRounds "11"]
[EventCountry "GER"]
[SourceTitle "EXT 2010"]
[Source "ChessBase"]
[SourceDate "2010.11.25"]
[SourceVersion "1"]
[SourceVersionDate "2010.11.25"]
[SourceQuality "1"]
[WhiteTeam "Leipzig Gohlis (W)"]
[BlackTeam "Bad Koenigshofen (W)"]
[WhiteTeamCountry "GER"]
[BlackTeamCountry "GER"]

1. e4 e6 2. d4 d5 3. Nc3 Bb4 4. exd5 exd5 5. Bd3 Nc6 6. a3 Bxc3+ 7. bxc3 Nf6 8. Ne2 0-0 9. 0-0 Na5 10. Ng3 Nc4 11. h3 Nd6 12. Qf3 Qe8 13. Bf4 Qc6 14. Rfe1 Be6 15. Re3 Nde4 16. Be5 Qxc3 17. Rae1 Qc6 18. Qf4 Qd7 19. Bxe4 Nxe4 20. Nxe4 dxe4 21. Bxg7 f6 22. Bxf8 Rxf8 23. Rxe4 Bf5 24. Re7 Qd5 25. Qh6 1-0

[Event "CZE-chT2E 0809"]
[Site "Czech Republic"]
[Date "2009.03.22"]
[Round "10.1"]
[White "Stachowiak, Kamil"]
[Black "Blazkova, Petra"]
[Result "1-0"]
[WhiteElo "2351"]
[BlackElo "2224"]
[PlyCount "71"]
[EventDate "2008.10.12"]
[EventType "team-tourn"]
[EventRounds "11"]
[EventCountry "CZE"]
[SourceTitle "EXT 2010"]
[Source "ChessBase"]
[SourceDate "2010.11.25"]
[SourceVersion "1"]
[SourceVersionDate "2010.11.25"]
[SourceQuality "1"]
[WhiteTeam "Litovel II"]
[BlackTeam "Brno Lokomotiva II"]
[WhiteTeamCountry "CZE"]
[BlackTeamCountry "CZE"]

1. d4 f5 2. g3 Nf6 3. Bg2 g6 4. Nf3 Bg7 5. 0-0 0-0 6. c4 d6 7. Nc3 Nc6 8. d5 Ne5 9. Qb3 Nxf3+ 10. exf3 Nd7 11. Be3 f4 12. Bxf4 Nc5 13. Qd1 Rxf4 14. gxf4 Qf8 15. Qd2 Bh6 16. Ne2 Bf5 17. Rad1 Nd3 18. b3 Re8 19. Qe3 Nc5 20. b4 Nd7 21. Qxa7 e5 22. Qxb7 Rb8 23. Qxc7 Rxb4 24. c5 exf4 25. cxd6 Bg7 26. Rc1 Ne5 27. Qe7 g5 28. Qxg5 Ng6 29. Rc7 Be5 30. Qh5 Nh8 31. Re7 Bxd6 32. Re8 Bg6 33. Rxf8+ Kxf8 34. Qg5 Nf7 35. Qf6 Be5 36. Qc6 1-0

[Event "CZE-chT1E 0809"]
[Site "Czech Republic"]
[Date "2009.03.01"]
[Round "9.5"]
[White "Blazkova, Petra"]
[Black "Svanda, Pavel"]
[Result "1/2-1/2"]
[WhiteElo "2224"]
[BlackElo "2198"]
[PlyCount "40"]
[EventDate "2008.11.08"]
[EventType "team-tourn"]
[EventRounds "11"]
[EventCountry "CZE"]
[SourceTitle "EXT 2010"]
[Source "ChessBase"]
[SourceDate "2010.11.25"]
[SourceVersion "1"]
[SourceVersionDate "2010.11.25"]
[SourceQuality "1"]
[WhiteTeam "Brno Lokomotiva"]
[BlackTeam "Jihlava"]
[WhiteTeamCountry "CZE"]
[BlackTeamCountry "CZE"]

1. e4 d6 2. d4 Nf6 3. Nc3 e5 4. Nf3 Nbd7 5. Bc4 Be7 6. 0-0 h6 7. Re1 c6 8. a4 0-0 9. Ba2 Re8 10. h3 Qc7 11. dxe5 dxe5 12. Nh4 Nf8 13. Qf3 Be6 14. Bxe6 Nxe6 15. Nf5 Nd4 16. Nxd4 exd4 17. Ne2 Qe5 18. Bf4 Qxe4 19. Qxe4 Nxe4 20. Nxd4 Bd6 1/2-1/2

[Event "CZE-chT1E 0809"]
[Site "Czech Republic"]
[Date "2009.02.01"]
[Round "7.4"]
[White "Blazkova, Petra"]
[Black "Krejci, Jan1111"]
[Result "1/2-1/2"]
[WhiteElo "2224"]
[BlackElo "2397"]
[PlyCount "77"]
[EventDate "2008.11.08"]
[EventType "team-tourn"]
[EventRounds "11"]
[EventCountry "CZE"]
[SourceTitle "EXT 2010"]
[Source "ChessBase"]
[SourceDate "2010.11.25"]
[SourceVersion "1"]
[SourceVersionDate "2010.11.25"]
[SourceQuality "1"]
[WhiteTeam "Brno Lokomotiva"]
[BlackTeam "Litovel"]
[WhiteTeamCountry "CZE"]
[BlackTeamCountry "CZE"]

1. e4 e5 2. Nf3 Nc6 3. d4 exd4 4. Nxd4 Nf6 5. Nxc6 bxc6 6. Bd3 d5 7. exd5 cxd5 8. 0-0 Be7 9. c4 0-0 10. cxd5 Nxd5 11. Be4 c6 12. Nc3 Nxc3 13. bxc3 Ba6 14. Re1 Bf6 15. Qf3 Qa5 16. Rb1 Bxc3 17. Rd1 Rad8 18. Be3 c5 19. Qf5 g6 20. Qxc5 Qa4 21. Rxd8 Rxd8 22. Bd5 Bf6 23. h3 Bc8 24. Bb3 Qe4 25. Bc2 Qh4 26. Rb4 Qh5 27. Qxh5 gxh5 28. Bxa7 Be6 29. Rb8 Rxb8 30. Bxb8 Bxa2 31. g3 h4 32. g4 Bd5 33. Bd1 Kg7 34. Bf4 h6 35. Be3 Be7 36. Bd4+ Bf6 37. Be3 Be7 38. Bd4+ Bf6 39. Be3 1/2-1/2

[Event "BL 0809 (Women)"]
[Site "Germany"]
[Date "2009.01.25"]
[Round "7.3"]
[White "Kulovana, Eva"]
[Black "Blazkova, Petra"]
[Result "1/2-1/2"]
[WhiteElo "2286"]
[BlackElo "2224"]
[PlyCount "143"]
[EventDate "2008.11.08"]
[EventType "team-tourn"]
[EventRounds "11"]
[EventCountry "GER"]
[SourceTitle "EXT 2010"]
[Source "ChessBase"]
[SourceDate "2010.11.25"]
[SourceVersion "1"]
[SourceVersionDate "2010.11.25"]
[SourceQuality "1"]
[WhiteTeam "Grosslehna (W)"]
[BlackTeam "Bad Koenigshofen (W)"]
[WhiteTeamCountry "GER"]
[BlackTeamCountry "GER"]

1. e4 c5 2. Nf3 d6 3. Bb5+ Nd7 4. d4 Ngf6 5. Nc3 cxd4 6. Qxd4 a6 7. Bxd7+ Bxd7 8. Bg5 h6 9. Bxf6 gxf6 10. Nd5 Rc8 11. 0-0-0 Qa5 12. Kb1 Be6 13. Nh4 Rg8 14. g3 Qc5 15. Qxc5 Rxc5 16. f4 Bxd5 17. exd5 e6 18. Rhe1 Kd7 19. dxe6+ fxe6 20. Re3 d5 21. c3 b5 22. f5 e5 23. b4 Rc6 24. Rxd5+ Rd6 25. Rxd6+ Bxd6 26. Nf3 Kc6 27. Kc2 Bc7 28. Nd2 Rg5 29. Rf3 Kd5 30. Kd3 Rg4 31. Re3 Rg5 32. Rf3 Rg4 33. Re3 Rg5 34. Re4 Rxf5 35. Rh4 h5 36. c4+ bxc4+ 37. Nxc4 Rf2 38. Ne3+ Ke6 39. Rxh5 Rxa2 40. Nc4 Bd8 41. Rh8 Be7 42. Kc3 f5 43. Ra8 Ra4 44. Rb8 f4 45. Rb6+ Kf5 46. Nxe5 Kxe5 47. gxf4+ Kxf4 48. Kb3 Ra1 49. Kb2 Rh1 50. Rxa6 Rxh2+ 51. Kb3 Ke5 52. Rc6 Kd5 53. Rc7 Bd6 54. Rc3 Rh4 55. Rd3+ Kc6 56. b5+ Kc5 57. b6 Rb4+ 58. Kc3 Rxb6 59. Kd2 Be5 60. Ke2 Bd4 61. Rd2 Kd5 62. Ra2 Ke4 63. Rd2 Rb3 64. Rc2 Rh3 65. Rd2 Rg3 66. Rc2 Re3+ 67. Kd2 Rh3 68. Ke2 Bc3 69. Kd1 Rf3 70. Ke2 Re3+ 71. Kf2 Bd4 72. Re2 1/2-1/2

[Event "Litomysl op 10th"]
[Site "Litomysl"]
[Date "2008.12.28"]
[Round "3"]
[White "Blazkova, Petra"]
[Black "Zeman, Arnost"]
[Result "1-0"]
[WhiteElo "2224"]
[BlackElo "2030"]
[PlyCount "47"]
[EventDate "2008.12.26"]
[EventType "swiss"]
[EventRounds "9"]
[EventCountry "CZE"]
[SourceTitle "CBM 128 Extra"]
[Source "ChessBase"]
[SourceDate "2009.03.05"]
[SourceVersion "2"]
[SourceVersionDate "2009.03.25"]
[SourceQuality "1"]

1. e4 c5 2. Nf3 e6 3. d4 cxd4 4. Nxd4 Nf6 5. Bd3 a6 6. 0-0 Qc7 7. Nc3 b5 8. f4 Bc5 9. Nce2 Nc6 10. c3 Qa7 11. Kh1 Nxd4 12. cxd4 Bb6 13. a4 b4 14. a5 Bxd4 15. Nxd4 Qxd4 16. Qe2 Qc5 17. Be3 Qe7 18. Rac1 d6 19. e5 Nd5 20. exd6 Qxd6 21. Bc5 Qd8 22. Be4 g6 23. Bxd5 Qxd5 24. Rfd1 1-0

[Event "CZE-chT1E 0809"]
[Site "Czech Republic"]
[Date "2008.12.14"]
[Round "5.5"]
[White "Vymazal, Bronislav"]
[Black "Blazkova, Petra"]
[Result "1/2-1/2"]
[WhiteElo "2337"]
[BlackElo "2224"]
[PlyCount "135"]
[EventDate "2008.11.08"]
[EventType "team-tourn"]
[EventRounds "11"]
[EventCountry "CZE"]
[SourceTitle "EXT 2010"]
[Source "ChessBase"]
[SourceDate "2010.11.25"]
[SourceVersion "1"]
[SourceVersionDate "2010.11.25"]
[SourceQuality "1"]
[WhiteTeam "Brno Duras"]
[BlackTeam "Brno Lokomotiva"]
[WhiteTeamCountry "CZE"]
[BlackTeamCountry "CZE"]

1. e4 c5 2. Nf3 d6 3. d4 cxd4 4. Nxd4 Nf6 5. Nc3 a6 6. Be2 e6 7. 0-0 Be7 8. f4 Qc7 9. a4 Nc6 10. Be3 0-0 11. Bf3 Re8 12. Kh1 Bd7 13. Nb3 Nb4 14. a5 Rac8 15. Qd2 Bc6 16. Nd4 d5 17. Nxc6 Qxc6 18. exd5 exd5 19. Rfe1 Ne4 20. Bxe4 dxe4 21. Bb6 Bd8 22. Bd4 Bh4 23. Re2 Rcd8 24. Qe3 Qc4 25. Bb6 Nd5 26. Nxd5 Rxd5 27. b3 Qc6 28. h3 Bf6 29. Ra4 Rd1+ 30. Kh2 g5 31. Rxe4 Rxe4 32. Qxe4 Qxe4 33. Rxe4 gxf4 34. Bc7 Rd2 35. Bxf4 Rxc2 36. Rb4 Ra2 37. Rxb7 Rxa5 38. Rb6 Kg7 39. Kg3 Ra2 40. Kf3 Rb2 41. Be3 Ra2 42. g3 a5 43. Kg4 a4 44. Kh5 Be5 45. Bh6+ Kg8 46. Rb5 f6 47. bxa4 Rxa4 48. g4 Ra7 49. h4 Kf7 50. Rb6 Bd4 51. Rb5 Re7 52. Bf4 Be5 53. Bc1 Ke6 54. Bb2 Bxb2 55. Rxb2 Rg7 56. Rb4 Ke5 57. Kh6 Rf7 58. h5 Ra7 59. Rc4 Rb7 60. Ra4 Rc7 61. Ra8 Kf4 62. Rg8 Ra7 63. Rg7 Rxg7 64. Kxg7 Kxg4 65. h6 f5 66. Kxh7 f4 67. Kg6 f3 68. h7 1/2-1/2

[Event "BL 0809 (Women)"]
[Site "Germany"]
[Date "2008.11.09"]
[Round "2.3"]
[White "Blazkova, Petra"]
[Black "Zatonskih, Anna"]
[Result "0-1"]
[WhiteElo "2224"]
[BlackElo "2440"]
[PlyCount "64"]
[EventDate "2008.11.08"]
[EventType "team-tourn"]
[EventRounds "11"]
[EventCountry "GER"]
[SourceTitle "EXT 2010"]
[Source "ChessBase"]
[SourceDate "2010.11.25"]
[SourceVersion "1"]
[SourceVersionDate "2010.11.25"]
[SourceQuality "1"]
[WhiteTeam "Bad Koenigshofen (W)"]
[BlackTeam "Baden-Baden (W)"]
[WhiteTeamCountry "GER"]
[BlackTeamCountry "GER"]

1. e4 c6 2. d4 d5 3. e5 c5 4. Nf3 Bg4 5. Be3 cxd4 6. Bxd4 Nc6 7. Be2 e6 8. 0-0 Nge7 9. c3 Bxf3 10. Bxf3 Nf5 11. Bg4 Nfxd4 12. cxd4 Qb6 13. Nc3 Qxd4 14. Qxd4 Nxd4 15. f4 Nc2 16. f5 Bc5+ 17. Kh1 Nxa1 18. Rxa1 exf5 19. Bxf5 0-0 20. Nxd5 Rad8 21. Nf4 Rd2 22. g3 Be3 23. Re1 Bxf4 24. gxf4 Rxb2 25. e6 fxe6 26. Bxe6+ Kh8 27. f5 g6 28. fxg6 hxg6 29. Bd5 b6 30. Kg1 Rf5 31. Re8+ Kg7 32. Be4 Rc5 0-1

[Event "Zdar nad Sazavou Vysocina op-A 5th"]
[Site "Zdar nad Sazavou"]
[Date "2008.09.20"]
[Round "1"]
[White "Jirka, Jiri"]
[Black "Blazkova, Petra"]
[Result "1-0"]
[WhiteElo "2457"]
[BlackElo "2241"]
[PlyCount "95"]
[EventDate "2008.09.20"]
[EventType "swiss"]
[EventRounds "9"]
[EventCountry "CZE"]
[SourceTitle "CBM 126 Extra"]
[Source "ChessBase"]
[SourceDate "2008.11.05"]
[SourceVersion "1"]
[SourceVersionDate "2008.11.05"]
[SourceQuality "1"]

1. d4 f5 2. g3 Nf6 3. Bg2 g6 4. b3 Bg7 5. Bb2 d5 6. Nf3 0-0 7. 0-0 Ne4 8. c4 dxc4 9. bxc4 c5 10. e3 Nc6 11. Nbd2 Qa5 12. Nb3 Qa4 13. Qe2 Na5 14. Nxa5 Qxa5 15. Rfc1 Bd7 16. d5 Bf6 17. Ne5 Ba4 18. Bxe4 fxe4 19. Qg4 Bg7 20. Bc3 Qa6 21. Qxe4 Rad8 22. Nd3 Bxc3 23. Rxc3 Qf6 24. Qe5 Qf3 25. Nf4 Rf5 26. Qe6+ Rf7 27. Re1 Bd7 28. Qe5 Qg4 29. e4 Bc8 30. h3 Qd7 31. Rce3 Qd6 32. Qxd6 Rxd6 33. e5 Ra6 34. e6 Rf8 35. R1e2 Rb6 36. Re1 Rd6 37. Nd3 b6 38. Ne5 Bb7 39. Nf7 Rxf7 40. exf7+ Kxf7 41. g4 Ba6 42. a3 Rd7 43. Kh2 Bb7 44. Kg3 b5 45. cxb5 Rxd5 46. Rc3 c4 47. Rxc4 Rxb5 48. Rc7 1-0

[Event "Paris-ch op"]
[Site "Paris"]
[Date "2008.07.06"]
[Round "9"]
[White "Manoeuvre, Antoine"]
[Black "Blazkova, Petra"]
[Result "1-0"]
[WhiteElo "2052"]
[BlackElo "2202"]
[PlyCount "75"]
[EventDate "2008.06.28"]
[EventType "swiss"]
[EventRounds "9"]
[EventCountry "FRA"]
[SourceTitle "EXT 2009"]
[Source "ChessBase"]
[SourceDate "2008.11.26"]
[SourceVersion "1"]
[SourceVersionDate "2008.11.26"]
[SourceQuality "1"]

1. d4 f5 2. g3 Nf6 3. Bg2 g6 4. c4 Bg7 5. Nc3 0-0 6. Nf3 d6 7. 0-0 Qe8 8. Nd5 Nxd5 9. cxd5 c6 10. Qb3 Kh8 11. Bd2 h6 12. Bc3 cxd5 13. Qxd5 Nd7 14. Qb3 Rb8 15. Rac1 Nf6 16. d5 g5 17. Bd4 e5 18. dxe6 Bxe6 19. Qa3 a6 20. Rc7 Rc8 21. Rfc1 Rxc7 22. Rxc7 Bd5 23. Qxd6 Qd8 24. Qxd8 Rxd8 25. Ne5 Kg8 26. e3 Bxa2 27. Bxb7 Ne8 28. Rc8 Rxc8 29. Bxc8 Nd6 30. Bxa6 Bb3 31. Nc6 Bf8 32. Na5 Ba4 33. Bc5 Kf7 34. b4 Be7 35. Nc4 Nb5 36. Nb2 Nc3 37. Bc4+ Ke8 38. Nxa4 1-0

[Event "Paris-ch op"]
[Site "Paris"]
[Date "2008.07.03"]
[Round "6"]
[White "Blazkova, Petra"]
[Black "Pile, Richard"]
[Result "1/2-1/2"]
[WhiteElo "2202"]
[BlackElo "2318"]
[PlyCount "64"]
[EventDate "2008.06.28"]
[EventType "swiss"]
[EventRounds "9"]
[EventCountry "FRA"]
[SourceTitle "EXT 2009"]
[Source "ChessBase"]
[SourceDate "2008.11.26"]
[SourceVersion "1"]
[SourceVersionDate "2008.11.26"]
[SourceQuality "1"]

1. e4 c5 2. Nf3 e6 3. d4 cxd4 4. Nxd4 a6 5. Nc3 Qc7 6. g3 Nf6 7. Bg2 Nc6 8. 0-0 Nxd4 9. Qxd4 Bc5 10. Bf4 d6 11. Qd2 h6 12. Na4 e5 13. Nxc5 dxc5 14. Be3 Ng4 15. Rad1 Be6 16. f4 Nxe3 17. Qxe3 f6 18. fxe5 Qxe5 19. Qf4 Ke7 20. Qe3 Rhd8 21. Bf3 Rac8 22. c3 Rc7 23. Rxd8 Kxd8 24. b3 a5 25. Be2 Qg5 26. Qf4 Rd7 27. Kf2 c4 28. Qxg5 hxg5 29. bxc4 Rd2 30. Rd1 Rxd1 31. Bxd1 Bxc4 32. a3 Ke7 1/2-1/2

[Event "BL2 Sued 0708 (Women)"]
[Site "Germany"]
[Date "2007.12.01"]
[Round "3.1"]
[White "Jussupow, Nadejda"]
[Black "Blazkova, Petra"]
[Result "1/2-1/2"]
[WhiteElo "2178"]
[BlackElo "2239"]
[PlyCount "42"]
[EventDate "2007.11.10"]
[EventType "team-tourn"]
[EventRounds "7"]
[EventCountry "GER"]
[SourceTitle "EXT 2009"]
[Source "ChessBase"]
[SourceDate "2008.11.26"]
[SourceVersion "1"]
[SourceVersionDate "2008.11.26"]
[SourceQuality "1"]
[WhiteTeam "Krumbach (W)"]
[BlackTeam "Bad Koenigshofen (W)"]
[WhiteTeamCountry "GER"]
[BlackTeamCountry "GER"]

1. d4 f5 2. g3 Nf6 3. Bg2 g6 4. Nh3 Bg7 5. 0-0 0-0 6. c4 c6 7. Nc3 d6 8. d5 Qe8 9. Be3 Ng4 10. Bd4 Bh6 11. c5 e5 12. dxe6 Qxe6 13. Nf4 Bxf4 14. gxf4 Na6 15. cxd6 Qxd6 16. h3 Nf6 17. Be5 Qxd1 18. Rfxd1 Be6 19. Rd6 Rae8 20. Rad1 Nc5 21. R6d4 Nce4 1/2-1/2